000 00620nam a2200169Ia 4500
008 110201s9999 xx 000 0 und d
082 _bB3798
_aS 520
100 _aमाडगुळकर ग. दि.
245 _aवाटेवरल्या सावल्या
260 _bविश्वमोहिनी प्रकाशन
365 _b40
600 _aमाडगुळकर ग. दि.
630 _aवाटेवरल्या सावल्या
700 _aमाडगुळकर ग. दि.
730 _aवाटेवरल्या सावल्या
942 _cBOOK
999 _c830343
_d830340